00491nam a2200157 a 450000100060000000300090000600800410001504000280005608200180008410000280010224500310013026001220016130000100028365000270029365000130032012394CO-ViMGA141112s2004 ck r 000 u spa d aCO-ViMGAbspacCO-ViMGA04a354.8603 G15a1 aGalvis, Gaitan Fernando10aAdministración Pública aBogotá : bEscula Superior de Administración pública, cPrograma de Desarrollo Administrativo Municipal, c1987 a359p.14aADMINISTRACION PUBLICA14aCOLOMBIA